New Mexico Geography Quiz - Sudden Death - Statistics

General Stats
  • This quiz has been taken 432 times
  • The average score is 11 of 20
Answers on the Grid
Answers color-coded by a green-red scale on the quiz's grid according to % correct below.
Albuquerque
Appalachian Mountains
Baja California
Bandelier National Monument
Big Bend National Park
Canadian River
Carlsbad Caverns National Park
Chihuahuan Desert
Colorado Plateau
Columbia River
Denver
El Paso
Four Corners
Fresno
Galveston
Grand Canyon National Park
Great Plains
Great Salt Lake
Great Sand Dunes National Park
Gulf of Mexico
Joshua Tree National Park
Las Cruces
Manhattan Project National Historic Park
Mount Whitney
Pacific Ocean
Palm Springs
Pecos River
Provo
Rio Grande
Roswell
Sacramento
Sangre de Cristo Mountains
Santa Fe
Santa Fe National Historic Trail
Shiprock
Taos
Tucson
Waco
Wheeler Peak
White Sands National Park
 
Answer Stats
Answer % Correct
Albuquerque
100%
Carlsbad Caverns National Park
79%
Four Corners
68%
Santa Fe
58%
Bandelier National Monument
57%
Las Cruces
56%
Roswell
55%
Santa Fe National Historic Trail
55%
Chihuahuan Desert
54%
Colorado Plateau
54%
Taos
51%
Manhattan Project National Historic Park
50%
Rio Grande
50%
White Sands National Park
46%
Sangre de Cristo Mountains
44%
Pecos River
42%
Canadian River
41%
Shiprock
41%
Wheeler Peak
41%
Great Plains
28%
No matching quizzes found
Score Distribution
Percent of People with Each Score
Percentile by Number Answered
Your Score History
You have not taken this quiz